Faktory podnikovej kultúry v kontexte udržateľnej výkonnosti priemyselných podnikov

Podniková kultúra je v podniku prítomná všade okolo nás, aj tam, kde nemožno vidieť jej prejavy. Predstavuje tie veci, ktoré sa v podniku dejú a rovnako má svoj podiel aj na dosahovanej výkonnosti podniku. Výkonnosť je často preberanou témou v podnikoch, pretože každý podnik chce dosahovať v rámci s...

Full description

Saved in:
Bibliographic Details
Main Author: Urbanovičová, Petra
Other Authors: Mikulášková, Justína, Čambál, Miloš
Format: Book Chapter
Language:Slovak
Subjects:
Tags: Add Tag
No Tags, Be the first to tag this record!

MARC

LEADER 00000nla a2200000 4500
001 0242334
005 20240417075137.0
041 0 |a slo 
044 |a SK 
245 1 0 |a Faktory podnikovej kultúry v kontexte udržateľnej výkonnosti priemyselných podnikov  |c Petra Urbanovičová, Justína Mikulášková, Miloš Čambál 
520 |a Podniková kultúra je v podniku prítomná všade okolo nás, aj tam, kde nemožno vidieť jej prejavy. Predstavuje tie veci, ktoré sa v podniku dejú a rovnako má svoj podiel aj na dosahovanej výkonnosti podniku. Výkonnosť je často preberanou témou v podnikoch, pretože každý podnik chce dosahovať v rámci svojich podmienok, čo možno najvyššiu výkonnosť. Výkonnosť podnik dosahuje prostredníctvom svojich zamestnancov a možno ho sledovať nielen finančnými, ale aj nefinančnými ukazovateImi. 
610 2 0 |a kultúra podniková 
610 2 0 |a podnik priemyselný 
610 2 0 |a výkonnosť podniku 
610 2 0 |a výkony podnikové 
610 2 0 |a ukazovatele nefinančné 
100 1 |a Urbanovičová, Petra 
700 1 |a Mikulášková, Justína 
700 1 |a Čambál, Miloš